Pasajeros /

Cortometraje que propone una somera reflexión sobre las relaciones contradictorias y complementarias entre la vida y la muerte. Producción de un grupo de alumnos de la Licenciatura en Medios Audiovisuales de la Universidad Autónoma de Baja California (UABC), para la materia de Teoría del Montaje, co...

Descripción completa

Guardado en:
Detalles Bibliográficos
Autores corporativos: Moral, Bernardo del (realización), Reunión Nacional de la Red de Televisión y Video de las Instituciones de Educación Superior, Muestra Nacional de Televisión y Video de las Instituciones de Educación Superior
Otros autores: Moral, Bernardo del (guión) (guión), Chuffe, Azzad R. (fotógrafo) (fotógrafo), Montiel, Carlos A. (fotógrafo) (fotógrafo), López, Edgar (fotógrafo) (fotógrafo), Chuffe, Azzad R. (montaje) (montaje), Montiel, Carlos A. (montaje) (montaje), Limón, Caro (música) (música), Torres, Yermak (música) (música), Rodíguez, Master (música) (música), Veyna, Maritza (actuación) (actuación), Alvarez, Karolina (actuación) (actuación), Matus, Cecilia (actuación) (actuación)
Formato: Procedimiento de la conferencia Audiovisual
Idioma:Español
Publicado: Mexicali, México : Universidad Autónoma de Baja California, 2010
Colección:(Muestra Nacional de Televisión y Video de las Instituciones de Educación Superior ; Categoría Promocional) 2010.
(Muestra Nacional de Televisión y Video de las Instituciones de Educación Superior ; UABC) 2010.
Temas:
Etiquetas: Agrega una etiqueta
Sin etiquetas, Sé el primero en etiquetar este registro!

MARC

LEADER 00000ngm^a2200000^a^4500
001 000341833
005 20250521000000.0
009 20260310114536.195
037 |a Acervo ITESO - Biblioteca 
041 |a ESP 
082 |a 302. 234420972  |b REU MUE 2010 V. 54 
110 |a Moral, Bernardo del  |e (realización) 
240 1 1 |a [Muestra Nacional de Televisión y Video de las Instituciones de Educación Superior 2010: producciones de la categoría promocional] 
240 1 1 |a [Muestra Nacional de Televisión y Video de las Instituciones de Educación Superior 2010: producciones de la UABC] 
240 1 1 |a [Muestra Nacional de Televisión y Video de las Instituciones de Educación Superior 2010] 
240 1 1 |a [Muestra Nacional de Televisión y Video de las Instituciones de Educación Superior: producciones de la categoría promocional] 
240 1 1 |a [Muestra Nacional de Televisión y Video de las Instituciones de Educación Superior: producciones de la UABC] 
240 1 1 |a [Muestra Nacional de Televisión y Video de las Instituciones de Educación Superior] 
245 1 0 |a Pasajeros /  |c Realización de B. del Moral. 
264 1 |a Mexicali, México :  |b Universidad Autónoma de Baja California,  |c 2010 
264 2 |a México :  |b ANUIES [distribución],  |c 2010 
300 |a 1 DVD sin dato de región  |c (3 min.) 
336 |a imagen móvil bidimensional  |b tdi  |2 rdacontenido 
337 |a video  |b v  |2 rdamedio 
338 |a videodisco  |b vd  |2 rdasoporte 
440 1 |a (Muestra Nacional de Televisión y Video de las Instituciones de Educación Superior ;  |v 2010.  |p Categoría Promocional) 
440 1 |a (Muestra Nacional de Televisión y Video de las Instituciones de Educación Superior ;  |v 2010.  |p UABC) 
520 |a Cortometraje que propone una somera reflexión sobre las relaciones contradictorias y complementarias entre la vida y la muerte. Producción de un grupo de alumnos de la Licenciatura en Medios Audiovisuales de la Universidad Autónoma de Baja California (UABC), para la materia de Teoría del Montaje, con el profesor Sergio Ortiz. 
520 |a Suplementos y características especiales: ninguna. 
649 |a XX 
650 |a Cortometrajes y Mediometrajes Mexicanos 
650 |a Cine Mexicano -  |y 2010-2019 
650 |a Cine Mexicano -  |y Siglo XXI 
650 |a Muerte 
650 |a Vida 
650 |a Existencialismo 
711 |a Reunión Nacional de la Red de Televisión y Video de las Instituciones de Educación Superior (  |n 16a :  |d 2010 :  |c Universidad Juárez Autónoma de Tabasco) 
711 |a Muestra Nacional de Televisión y Video de las Instituciones de Educación Superior (  |n 12a :  |d 2010 :  |c Universidad Juárez Autónoma de Tabasco) 
700 |a Moral, Bernardo del  |e (guión) 
700 |a Chuffe, Azzad R.  |e (fotógrafo) 
700 |a Montiel, Carlos A.  |e (fotógrafo) 
700 |a López, Edgar  |e (fotógrafo) 
700 |a Chuffe, Azzad R.  |e (montaje) 
700 |a Montiel, Carlos A.  |e (montaje) 
700 |a Limón, Caro  |e (música) 
700 |a Torres, Yermak  |e (música) 
700 |a Rodíguez, Master  |e (música) 
700 |a Veyna, Maritza  |e (actuación) 
700 |a Alvarez, Karolina  |e (actuación) 
700 |a Matus, Cecilia  |e (actuación) 
910 |a Fondo General 
920 |a Audiovisuales - DVDs 
905 |a 302 
901 |a 0500231426  |b IT2  |c DVS  |i D63070  |u 20250521 
902 |a https://opac.biblio.iteso.mx/vufind/Record/000341833